000 00621cam a2200205 4500
001 WB3545-27
008 000000n1999 000 0 eng u
035 _a(Sirsi) u102220
245 _aAsda's fresh approach to store size
260 _c1999
490 _aFinancial Times
_v13 November 1999, (1)
520 _aConsiders Asda' s plans to build half-sized stores as a way of maintaining growth, without defying planning restrictions.
590 _aWB
650 _aASDA
650 _aPLANNING RESTRICTIONS
650 _aRETAILERS
650 _aSUPERMARKETS
690 _aPLANNING LAW AND PRACTICE
942 _n0
999 _c61270
_d61270